[Event "Schleswig Holstein-ch A 57th"]
[Site "Ratzeburg"]
[Date "2002.10.16"]
[Round "6"]
[White "Gesch, Wolfgang"]
[Black "Muensterberg, Wolfgang"]
[Result "1/2-1/2"]
[WhiteElo "1745"]
[BlackElo "1578"]
[PlyCount "120"]
[EventDate "2002.10.12"]
[EventType "swiss"]
[EventRounds "9"]
[EventCountry "GER"]
[SourceTitle "EXT 2010"]
[Source "ChessBase"]
[SourceDate "2010.11.25"]
[SourceVersion "1"]
[SourceVersionDate "2010.11.25"]
[SourceQuality "1"]

1. c4 Nf6 2. Nc3 e6 3. e4 d6 4. Nf3 Nbd7 5. b3 c5 6. Bb2 Be7 7. Qc2 e5 8. Ne2 0-0 9. Ng3 g6 10. Be2 Nb8 11. h4 Nc6 12. a3 Nd4 13. Bxd4 cxd4 14. b4 b6 15. d3 h5 16. Rc1 Bg4 17. Qb2 Nd7 18. Qa2 Kh8 19. Qd2 Kg7 20. Ng5 Bxe2 21. Kxe2 Nf6 22. Rcf1 Qd7 23. f3 b5 24. Rc1 bxc4 25. dxc4 Rac8 26. Kf2 Rc7 27. Rc2 Rfc8 28. Rhc1 Qd8 29. Qd3 Qd7 30. b5 Nh7 31. Qd2 Nxg5 32. hxg5 f6 33. gxf6+ Bxf6 34. a4 Qd8 35. Qd3 Bg5 36. Rh1 Bf4 37. a5 h4 38. Ne2 Be3+ 39. Kf1 g5 40. Ng1 Qg8 41. b6 axb6 42. axb6 Rb7 43. Qb3 Rc6 44. Ne2 Rcxb6 45. Qa3 Qb8 46. g3 Rb1+ 47. Kg2 Rxh1 48. Kxh1 Rb3 49. Qa4 Qb7 50. Ra2 d3 51. Ng1 Rb1 52. Rg2 h3 53. Ra2 Rxg1+ 54. Kh2 d2 55. Rxd2 Bxd2 56. Kxg1 Be3+ 57. Kh2 Kf8 58. Kxh3 Qh7+ 59. Kg2 Qb7 60. Qa2 Ke7 1/2-1/2